[Event "Djerba Masters 2025"]
[Site "Djerba TUN"]
[Date "2025.02.15"]
[Round "1.1"]
[White "Ivanchuk, Vasyl"]
[Black "Navara, David"]
[Result "1/2-1/2"]
[WhiteTitle "GM"]
[BlackTitle "GM"]
[WhiteElo "2619"]
[BlackElo "2677"]
[WhiteFideId "14100010"]
[BlackFideId "309095"]
[EventDate "2025.02.15"]

1. d4 Nf6 2. c4 e6 3. Nf3 d5 4. Nc3 Bb4 5. Bg5 h6 6. Bxf6 Qxf6 7. e3 O-O 8. Rc1
dxc4 9. Bxc4 c5 10. dxc5 Nd7 11. c6 bxc6 12. O-O Ne5 13. Be2 Rb8 14. Nxe5 Qxe5
15. Na4 Be7 16. Rc2 c5 17. Qc1 Bd7 18. Nxc5 Bxc5 19. Rxc5 Qxb2 20. Rc2 Qxc1 21.
Rfxc1 Rfc8 22. Rxc8+ Rxc8 23. Rxc8+ Bxc8 24. Kf1 Kf8 25. Ke1 Ke7 26. Kd2 Kd6 27.
Kc3 Kc5 28. f4 f6 29. Bf3 e5 30. fxe5 fxe5 1/2-1/2

[Event "Djerba Masters 2025"]
[Site "Djerba TUN"]
[Date "2025.02.15"]
[Round "1.2"]
[White "Moussard, Jules"]
[Black "Dardha, Daniel"]
[Result "1/2-1/2"]
[WhiteTitle "GM"]
[BlackTitle "GM"]
[WhiteElo "2595"]
[BlackElo "2652"]
[WhiteFideId "642908"]
[BlackFideId "240990"]
[EventDate "2025.02.15"]

1. e4 c6 2. d4 d5 3. e5 Bf5 4. Nd2 e6 5. Nb3 a6 6. Nf3 c5 7. dxc5 Bxc5 8. Nxc5
Qa5+ 9. c3 Qxc5 10. Be3 Qc7 11. Qa4+ Nd7 12. Bb5 Ne7 13. Nd4 Rc8 14. Bxd7+ Qxd7
15. Qxd7+ Kxd7 16. O-O Nc6 17. Nxc6 Rxc6 18. Bd4 a5 19. f3 b5 20. a3 h5 21. h4
Bg6 22. Kf2 Rc4 23. Ke3 Ke7 24. Kd2 Rb8 1/2-1/2

[Event "Djerba Masters 2025"]
[Site "Djerba TUN"]
[Date "2025.02.15"]
[Round "1.3"]
[White "Maurizzi, Marc'Andria"]
[Black "Oro, Faustino"]
[Result "1-0"]
[WhiteTitle "GM"]
[BlackTitle "IM"]
[WhiteElo "2581"]
[BlackElo "2447"]
[WhiteFideId "36083534"]
[BlackFideId "20000197"]
[EventDate "2025.02.15"]

1. e4 e5 2. Nf3 Nc6 3. Bc4 Bc5 4. c3 Nf6 5. d3 a5 6. O-O Ba7 7. Be3 Bxe3 8. fxe3
O-O 9. Nbd2 d5 10. exd5 Nxd5 11. Qe2 h6 12. a4 Nb6 13. Bb3 Qe7 14. e4 Be6 15.
Bxe6 Qxe6 16. Nh4 Ne7 17. Rf3 Rad8 18. Rg3 Kh7 19. Kh1 g6 20. Rf3 Kg7 21. Raf1
Nxa4 22. Nc4 b6 23. Nf5+ gxf5 24. exf5 Qf6 25. Nxe5 Ng8 26. Ng4 Qg5 27. f6+ Kh8
28. Rf5 Rde8 29. Ne5 Rxe5 30. Qxe5 Qg6 31. R5f3 Nc5 32. Rg3 Qh7 33. Qxc7 Re8 34.
h3 Ne6 35. Qxb6 Rd8 36. Rff3 Ra8 37. Rf2 Ng5 38. h4 Ne6 39. h5 Ng5 40. Re3 a4
41. c4 a3 42. bxa3 Rxa3 43. Qd8 Ra6 44. Kh2 Ne6 45. Qc8 Rd6 46. Rxe6 Qxd3 47.
Re8 Kh7 48. Qg4 Nxf6 49. Rxf6 1-0

[Event "Djerba Masters 2025"]
[Site "Djerba TUN"]
[Date "2025.02.15"]
[Round "1.4"]
[White "Bacrot, Etienne"]
[Black "Murzin, Volodar"]
[Result "0-1"]
[WhiteTitle "GM"]
[BlackTitle "GM"]
[WhiteElo "2640"]
[BlackElo "2657"]
[WhiteFideId "605506"]
[BlackFideId "44155573"]
[EventDate "2025.02.15"]

1. e4 e5 2. Nf3 Nc6 3. Bb5 a6 4. Ba4 Nf6 5. O-O b5 6. Bb3 Bc5 7. c3 d6 8. d4 Bb6
9. Be3 O-O 10. Nbd2 Re8 11. h3 Na5 12. Bc2 exd4 13. cxd4 Bb7 14. Re1 Bxe4 15.
Nxe4 Nxe4 16. Bxe4 Rxe4 17. Qc2 Re8 18. Ng5 g6 19. Ne4 f6 20. b3 Qe7 21. f3 f5
22. Nc3 Qg7 23. Rad1 Rxe3 24. Rxe3 Bxd4 25. Nd5 f4 26. Rxd4 Qxd4 27. Qe4 Qxe4
28. Rxe4 c6 29. Nxf4 Kf7 30. Ne6 h6 31. Nf4 Nb7 32. Re6 Rg8 33. Re2 a5 34. Kf2
Nc5 35. Rd2 Ne6 36. Ne2 Ke7 37. f4 d5 38. g4 Kd6 39. Ke3 Re8 40. Kf3 c5 41. f5
Ng5+ 0-1

[Event "Djerba Masters 2025"]
[Site "Djerba TUN"]
[Date "2025.02.15"]
[Round "1.5"]
[White "Maghsoodloo, Parham"]
[Black "Amin, Bassem"]
[Result "1/2-1/2"]
[WhiteTitle "GM"]
[BlackTitle "GM"]
[WhiteElo "2680"]
[BlackElo "2654"]
[WhiteFideId "12539929"]
[BlackFideId "10601457"]
[EventDate "2025.02.15"]

1. d4 Nf6 2. c4 g6 3. Nc3 d5 4. Nf3 Bg7 5. Qb3 dxc4 6. Qxc4 Be6 7. Qa4+ Bd7 8.
Qa3 Bc6 9. e3 Nbd7 10. Be2 O-O 11. O-O e6 12. Rd1 a6 13. Bd2 Re8 14. Be1 Bf8 15.
Qb3 b5 16. Qc2 Bb7 17. Ne5 Rc8 18. f4 c5 19. Bh4 Qc7 20. Rac1 cxd4 21. exd4 b4
22. Bxf6 Nxf6 23. Ne4 Qe7 24. Nxf6+ Qxf6 25. Qd2 1/2-1/2

[Event "Djerba Masters 2025"]
[Site "Djerba TUN"]
[Date "2025.02.16"]
[Round "2.1"]
[White "Navara, David"]
[Black "Amin, Bassem"]
[Result "1-0"]
[WhiteTitle "GM"]
[BlackTitle "GM"]
[WhiteElo "2677"]
[BlackElo "2654"]
[WhiteFideId "309095"]
[BlackFideId "10601457"]
[EventDate "2025.02.15"]

1. d4 Nf6 2. c4 g6 3. Nc3 d5 4. Nf3 Bg7 5. h4 c6 6. cxd5 cxd5 7. Bf4 O-O 8. e3
Nc6 9. Qb3 Na5 10. Qa3 Nc6 11. Ne5 Ng4 12. Nxg4 Bxg4 13. f3 e5 14. dxe5 Be6 15.
Rd1 Nxe5 16. Be2 Nc6 17. Bg5 Qb6 18. Nxd5 Bxd5 19. Rxd5 Bxb2 20. Qb3 Qxb3 21.
axb3 Kg7 22. Kf2 h6 23. Bf4 Rfd8 24. Rhd1 Rxd5 25. Rxd5 Rd8 26. Rxd8 Nxd8 27.
Bd6 Bf6 28. h5 gxh5 29. f4 h4 30. Bf3 Nc6 31. Bd5 Bc3 32. e4 f6 33. Kf3 Kg6 34.
f5+ Kg7 35. Bxc6 bxc6 36. Bc5 a6 37. Ke2 Kf7 38. Kd3 Be5 39. Kc4 h5 40. Kb4 Bc7
41. Bd4 1-0

[Event "Djerba Masters 2025"]
[Site "Djerba TUN"]
[Date "2025.02.16"]
[Round "2.2"]
[White "Murzin, Volodar"]
[Black "Maghsoodloo, Parham"]
[Result "1/2-1/2"]
[WhiteTitle "GM"]
[BlackTitle "GM"]
[WhiteElo "2657"]
[BlackElo "2680"]
[WhiteFideId "44155573"]
[BlackFideId "12539929"]
[EventDate "2025.02.15"]

1. d4 Nf6 2. Nf3 d5 3. c4 e6 4. g3 Be7 5. Bg2 O-O 6. O-O Nbd7 7. Qc2 a5 8. Bf4
dxc4 9. Qxc4 Nd5 10. Nc3 N7b6 11. Qd3 Nxf4 12. gxf4 a4 13. e3 Ra5 14. Rac1 Bd7
15. Ne5 f6 16. Nxd7 Qxd7 17. Rfd1 c6 18. Ne4 Nd5 19. Qe2 Kh8 20. Kh1 Qe8 21. Rg1
Nc7 22. Ng3 Qf7 23. Be4 g6 24. Bb1 a3 25. b3 Na6 26. Qf3 f5 27. Ne2 Bf6 28. Rgd1
c5 29. d5 exd5 30. Rxd5 Nb4 31. Rd2 Rd8 32. Rxd8+ Bxd8 33. e4 fxe4 34. Qxe4 Bf6
35. Rd1 c4 36. Qxc4 Qxc4 37. bxc4 Rc5 38. Rd7 Rxc4 39. Rxb7 Nxa2 40. Rb8+ Kg7
41. Rb7+ Kh8 42. Rb8+ 1/2-1/2

[Event "Djerba Masters 2025"]
[Site "Djerba TUN"]
[Date "2025.02.16"]
[Round "2.3"]
[White "Oro, Faustino"]
[Black "Bacrot, Etienne"]
[Result "0-1"]
[WhiteTitle "IM"]
[BlackTitle "GM"]
[WhiteElo "2447"]
[BlackElo "2640"]
[WhiteFideId "20000197"]
[BlackFideId "605506"]
[EventDate "2025.02.15"]

1. e4 e6 2. d4 d5 3. e5 c5 4. c3 Nc6 5. Nf3 Bd7 6. Be2 f6 7. O-O fxe5 8. Nxe5
Bd6 9. Nxc6 bxc6 10. Nd2 cxd4 11. cxd4 Nf6 12. Nf3 O-O 13. Bd3 c5 14. dxc5 Bxc5
15. Bg5 Qb6 16. Qe2 h6 17. Bd2 Qd6 18. Ne5 Be8 19. Be3 Bxe3 20. Qxe3 Nd7 21.
Nxd7 Bxd7 22. Rfe1 Qb6 23. Qxb6 axb6 24. a3 Kf7 25. f3 Ke7 26. Kf2 g5 27. Ke3 e5
28. Kd2 Kd6 29. Rac1 g4 30. Be2 Ra4 31. Rf1 Rd4+ 32. Ke1 gxf3 33. gxf3 Rg8 34.
Rf2 Rg1+ 35. Bf1 Bb5 36. b4 Ba6 37. Rc3 Bc4 38. Rcc2 b5 39. Rc1 h5 40. Ra1 Ke6
41. a4 bxa4 42. Rxa4 Kf5 43. Ra5 Kf4 44. b5 Rd3 45. b6 Rb3 0-1

[Event "Djerba Masters 2025"]
[Site "Djerba TUN"]
[Date "2025.02.16"]
[Round "2.4"]
[White "Dardha, Daniel"]
[Black "Maurizzi, Marc'Andria"]
[Result "1/2-1/2"]
[WhiteTitle "GM"]
[BlackTitle "GM"]
[WhiteElo "2652"]
[BlackElo "2581"]
[WhiteFideId "240990"]
[BlackFideId "36083534"]
[EventDate "2025.02.15"]

1. Nf3 d5 2. g3 Nf6 3. Bg2 e6 4. O-O c5 5. b3 Nc6 6. d4 Be7 7. Bb2 O-O 8. dxc5
Bxc5 9. c4 d4 10. b4 Bxb4 11. Nxd4 Nxd4 12. Bxd4 Qe7 13. Qb3 Bc5 14. Be5 Ng4 15.
Bb2 Bd7 16. Nd2 e5 17. e3 Bc6 18. Bxc6 bxc6 19. h3 Rab8 20. Qc2 Nf6 21. Nb3 Ba3
22. Bxa3 Qxa3 23. Qf5 Rfe8 24. g4 1/2-1/2

[Event "Djerba Masters 2025"]
[Site "Djerba TUN"]
[Date "2025.02.16"]
[Round "2.5"]
[White "Ivanchuk, Vasyl"]
[Black "Moussard, Jules"]
[Result "1/2-1/2"]
[WhiteTitle "GM"]
[BlackTitle "GM"]
[WhiteElo "2619"]
[BlackElo "2595"]
[WhiteFideId "14100010"]
[BlackFideId "642908"]
[EventDate "2025.02.15"]

1. d4 Nf6 2. c4 e6 3. Nf3 b6 4. Nc3 Bb7 5. a3 d5 6. Qc2 c5 7. cxd5 Nxd5 8. dxc5
Bxc5 9. Bg5 Be7 10. Bxe7 Qxe7 11. Nxd5 exd5 12. e3 O-O 13. Bd3 Rc8 14. Qd2 Nc6
15. O-O Ne5 16. Nxe5 Qxe5 17. Rfc1 g6 18. Qb4 Rxc1+ 19. Rxc1 Rc8 20. Rd1 Rc7 21.
h3 Bc8 22. Qd2 Rc5 23. Bb1 Be6 24. Ba2 Qg5 25. Kh2 Qf6 26. Kg1 Qg5 1/2-1/2

[Event "Djerba Masters 2025"]
[Site "Djerba TUN"]
[Date "2025.02.17"]
[Round "3.1"]
[White "Moussard, Jules"]
[Black "Navara, David"]
[Result "1/2-1/2"]
[WhiteTitle "GM"]
[BlackTitle "GM"]
[WhiteElo "2595"]
[BlackElo "2677"]
[WhiteFideId "642908"]
[BlackFideId "309095"]
[EventDate "2025.02.15"]

1. e4 e5 2. Nf3 Nc6 3. Bb5 Nf6 4. O-O Nxe4 5. d4 Nd6 6. Bxc6 dxc6 7. dxe5 Nf5 8.
Qxd8+ Kxd8 9. Nc3 Ke8 10. h3 h5 11. Ne2 b6 12. Rd1 Be7 13. Bg5 Bb7 14. Nf4 f6
15. Ng6 Rh7 16. Nxe7 Kxe7 17. exf6+ gxf6 18. Re1+ Kf7 19. Rad1 Rg7 20. Rd7+ Kg8
21. Rxg7+ Kxg7 22. Bf4 c5 23. Nd2 Rd8 24. f3 Rd4 25. Ne4 Bxe4 26. Rxe4 Rd1+ 27.
Kf2 Rb1 28. g4 hxg4 29. fxg4 Nd4 30. Re7+ Kg6 31. h4 f5 32. h5+ Kf6 33. Re1 Rxe1
34. g5+ Kg7 35. Kxe1 Nxc2+ 36. Kf2 Nd4 37. Be5+ Kh7 38. g6+ Kh6 39. Bf4+ Kg7 40.
Bxc7 Ne6 41. Bb8 Kh6 42. Be5 b5 43. Kg3 c4 44. Kh4 b4 45. Bf6 a6 46. Be5 a5 47.
a4 Nc5 48. Bf4+ Kg7 49. Be5+ Kh6 50. Bf4+ Kg7 51. Be5+ 1/2-1/2

[Event "Djerba Masters 2025"]
[Site "Djerba TUN"]
[Date "2025.02.17"]
[Round "3.2"]
[White "Maurizzi, Marc'Andria"]
[Black "Ivanchuk, Vasyl"]
[Result "1-0"]
[WhiteTitle "GM"]
[BlackTitle "GM"]
[WhiteElo "2581"]
[BlackElo "2619"]
[WhiteFideId "36083534"]
[BlackFideId "14100010"]
[EventDate "2025.02.15"]

1. e4 c5 2. Nf3 d6 3. d4 cxd4 4. Nxd4 Nf6 5. Nc3 a6 6. Nb3 Nc6 7. Be3 e6 8. g4
b5 9. g5 Nd7 10. a3 Rb8 11. h4 Be7 12. f4 b4 13. axb4 Nxb4 14. Bg2 Nb6 15. Na5
d5 16. O-O Qc7 17. f5 O-O 18. f6 Bc5 19. Bxc5 Qxc5+ 20. Kh1 g6 21. Qd2 Bb7 22.
Nxb7 Rxb7 23. exd5 exd5 24. Qf2 Rc7 25. Qxc5 Rxc5 26. Rf4 a5 27. Rxa5 Rxa5 28.
Rxb4 Rb8 29. Nxd5 Nd7 30. Rd4 Kf8 31. b4 Ra3 32. c4 Ne5 33. b5 Rb3 34. Ne7 Rd3
35. Rd5 Re3 36. Rd4 Rd3 37. Rd5 Re3 38. Rd4 Rd3 39. Rxd3 Nxd3 40. Bd5 Nf4 41.
Bc6 Rd8 42. Nd5 Nd3 43. b6 Nc5 44. Kg2 Rd6 45. Bb5 Re6 46. Kf3 Re1 47. Bc6 Rc1
48. Bb5 Re1 49. Nc7 h5 50. Na6 Nb7 51. c5 Rb1 52. c6 Nd6 53. b7 Rxb5 54. b8=Q+
Rxb8 55. Nxb8 Nb5 56. Ke4 Ke8 57. Kd5 Kd8 58. Kc5 Nc7 59. Nd7 1-0

[Event "Djerba Masters 2025"]
[Site "Djerba TUN"]
[Date "2025.02.17"]
[Round "3.3"]
[White "Bacrot, Etienne"]
[Black "Dardha, Daniel"]
[Result "1/2-1/2"]
[WhiteTitle "GM"]
[BlackTitle "GM"]
[WhiteElo "2640"]
[BlackElo "2652"]
[WhiteFideId "605506"]
[BlackFideId "240990"]
[EventDate "2025.02.15"]

1. e4 c6 2. d4 d5 3. exd5 cxd5 4. Bd3 Nc6 5. c3 Nf6 6. Bf4 g6 7. Qc2 Nh5 8. Be3
f6 9. f4 e5 10. dxe5 fxe5 11. fxe5 Bg7 12. Nf3 O-O 13. O-O Nxe5 14. Nxe5 Rf6 15.
Rf2 Rxf2 16. Be2 Rf1+ 17. Bxf1 Bxe5 18. Nd2 Bg4 19. Qa4 Qd6 20. Qxg4 Bxh2+ 21.
Kf2 Re8 22. Bd4 Bg3+ 23. Kg1 Bh2+ 24. Kf2 Bg3+ 25. Kg1 Bh2+ 1/2-1/2

[Event "Djerba Masters 2025"]
[Site "Djerba TUN"]
[Date "2025.02.17"]
[Round "3.4"]
[White "Maghsoodloo, Parham"]
[Black "Oro, Faustino"]
[Result "1-0"]
[WhiteTitle "GM"]
[BlackTitle "IM"]
[WhiteElo "2680"]
[BlackElo "2447"]
[WhiteFideId "12539929"]
[BlackFideId "20000197"]
[EventDate "2025.02.15"]

1. c4 e6 2. Nc3 d5 3. d4 Bb4 4. cxd5 exd5 5. Bf4 c5 6. dxc5 Nf6 7. e3 O-O 8. Bd3
Bxc5 9. Nge2 Nc6 10. O-O d4 11. Na4 Bd6 12. Bb5 Bxf4 13. exf4 Bg4 14. f3 Bd7 15.
Bxc6 Bxc6 16. Nxd4 Bxa4 17. Qxa4 Qb6 18. Rf2 Nd5 19. Nb3 Rad8 20. g3 h5 21. Qa5
Qg6 22. Rd2 b6 23. Qa4 Nf6 24. Rxd8 Rxd8 25. Qxa7 Qd3 26. Qxb6 Re8 27. Rf1 Qc2
28. Nc1 h4 29. Qf2 Qf5 30. Re1 Rd8 31. Nb3 h3 32. Rc1 Re8 33. Qd2 Qe6 34. Kf2
Qb6+ 35. Nd4 Rd8 36. Rc4 Qb7 37. g4 Qd5 38. b3 Qd6 39. Kg3 g5 40. Qc1 Nd5 41.
Ne2 Kg7 42. Rc6 Qe7 43. Qb2+ Kg8 44. fxg5 Ne3 45. Qf6 Qxf6 46. gxf6 Rd2 47. Nf4
Nf1+ 48. Kh4 Nxh2 49. Rc3 Kh7 50. Kxh3 1-0

[Event "Djerba Masters 2025"]
[Site "Djerba TUN"]
[Date "2025.02.17"]
[Round "3.5"]
[White "Amin, Bassem"]
[Black "Murzin, Volodar"]
[Result "1/2-1/2"]
[WhiteTitle "GM"]
[BlackTitle "GM"]
[WhiteElo "2654"]
[BlackElo "2657"]
[WhiteFideId "10601457"]
[BlackFideId "44155573"]
[EventDate "2025.02.15"]

1. e4 c5 2. Nf3 d6 3. Bb5+ Nd7 4. O-O a6 5. Be2 Ngf6 6. d3 g6 7. c4 b6 8. Nc3
Bb7 9. Bf4 Bg7 10. Qd2 O-O 11. Bh6 Re8 12. Bxg7 Kxg7 13. Rab1 Rb8 14. b4 Qc7 15.
Nd5 Bxd5 16. cxd5 a5 17. bxc5 bxc5 18. Qc3 Nf8 19. Nd4 Rxb1 20. Rxb1 Rb8 21. Nb5
Qd8 22. a4 e5 23. Qd2 N8d7 24. Rc1 Qb6 25. g3 Ne8 26. Rb1 Qd8 27. Bg4 Nef6 28.
Bxd7 Nxd7 29. Kg2 Nf6 30. f4 c4 31. fxe5 dxe5 32. dxc4 Nxe4 33. Qe3 f5 34. Qa7+
Kh6 35. Nd6 1/2-1/2

[Event "Djerba Masters 2025"]
[Site "Djerba TUN"]
[Date "2025.02.18"]
[Round "4.1"]
[White "Navara, David"]
[Black "Murzin, Volodar"]
[Result "1/2-1/2"]
[WhiteTitle "GM"]
[BlackTitle "GM"]
[WhiteElo "2677"]
[BlackElo "2657"]
[WhiteFideId "309095"]
[BlackFideId "44155573"]
[EventDate "2025.02.15"]

1. d4 d5 2. c4 c6 3. Nf3 Nf6 4. Nc3 e6 5. e3 Nbd7 6. Qc2 Bd6 7. Bd3 O-O 8. O-O
h6 9. b3 e5 10. cxd5 Nxd5 11. Nxd5 cxd5 12. dxe5 Nxe5 13. Nxe5 Bxe5 14. Bb2 Qf6
15. Bxe5 Qxe5 16. Rac1 Bd7 17. Qc7 Qxc7 18. Rxc7 Bc6 19. b4 Rac8 20. Rxc8 Rxc8
21. Rc1 Kf8 22. Kf1 Ke7 23. Ke2 Kd6 24. Kd2 a5 25. bxa5 Ra8 26. a6 bxa6 27. Rb1
Kc5 28. Rc1+ Kd6 29. Rb1 Kc5 1/2-1/2

[Event "Djerba Masters 2025"]
[Site "Djerba TUN"]
[Date "2025.02.18"]
[Round "4.2"]
[White "Oro, Faustino"]
[Black "Amin, Bassem"]
[Result "0-1"]
[WhiteTitle "IM"]
[BlackTitle "GM"]
[WhiteElo "2447"]
[BlackElo "2654"]
[WhiteFideId "20000197"]
[BlackFideId "10601457"]
[EventDate "2025.02.15"]

1. e4 e5 2. Nf3 Nc6 3. Bc4 Nf6 4. d3 Bc5 5. O-O d6 6. c3 h6 7. a4 a5 8. h3 Bb6
9. Be3 Bxe3 10. fxe3 O-O 11. Nbd2 Ne7 12. Nh4 d5 13. exd5 Nexd5 14. Qe2 c6 15.
Nhf3 Re8 16. e4 Qb6+ 17. Qf2 Qxf2+ 18. Kxf2 Nb6 19. Ke3 Re7 20. Bb3 Be6 21. g4
Nfd7 22. Bxe6 Rxe6 23. Nb3 g6 24. Nfd2 Kg7 25. Nc4 Nxc4+ 26. dxc4 Kf8 27. Rfd1
Nb6 28. Nd2 c5 29. b3 Ke7 30. Nf1 Rf6 31. Rd3 Rd8 32. Rxd8 Kxd8 33. Rd1+ Ke7 34.
Nh2 Rd6 35. Rxd6 Kxd6 36. h4 Ke6 37. Nf1 Nc8 38. Kf3 Nd6 39. g5 h5 40. Ne3 f5
41. gxf6 Kxf6 42. Nd5+ Kf7 43. Nc7 Ne8 44. Nd5 Nf6 45. Ke3 Ke6 46. b4 cxb4 47.
cxb4 axb4 48. Nxb4 Kd6 49. a5 Ng4+ 50. Kd3 Nf2+ 51. Ke3 Nd1+ 52. Kd2 Nb2 53. Kc3
Na4+ 54. Kd2 Kc5 55. a6 bxa6 56. Nxa6+ Kd4 57. Nb8 Nc5 58. Nc6+ Kxe4 59. Ne7 Kf3
60. Ke1 e4 61. Nc6 Kg4 62. Ne5+ Kxh4 63. Nxg6+ Kg3 64. Ne7 h4 65. Nf5+ Kg4 0-1

[Event "Djerba Masters 2025"]
[Site "Djerba TUN"]
[Date "2025.02.18"]
[Round "4.3"]
[White "Dardha, Daniel"]
[Black "Maghsoodloo, Parham"]
[Result "1-0"]
[WhiteTitle "GM"]
[BlackTitle "GM"]
[WhiteElo "2652"]
[BlackElo "2680"]
[WhiteFideId "240990"]
[BlackFideId "12539929"]
[EventDate "2025.02.15"]

1. e4 c5 2. Nf3 e6 3. d4 cxd4 4. Nxd4 Nc6 5. Bf4 Qf6 6. Be3 Bc5 7. c3 Nge7 8.
Qd2 d5 9. Nxc6 Bxe3 10. Qxe3 bxc6 11. Nd2 a5 12. h4 Ba6 13. Bxa6 Rxa6 14. h5 h6
15. Nb3 e5 16. Nc5 Ra7 17. Nd3 Nc8 18. exd5 cxd5 19. Qc5 Qe6 20. O-O Kd8 21.
Rad1 f6 22. Nxe5 1-0

[Event "Djerba Masters 2025"]
[Site "Djerba TUN"]
[Date "2025.02.18"]
[Round "4.5"]
[White "Moussard, Jules"]
[Black "Maurizzi, Marc'Andria"]
[Result "0-1"]
[WhiteTitle "GM"]
[BlackTitle "GM"]
[WhiteElo "2595"]
[BlackElo "2581"]
[WhiteFideId "642908"]
[BlackFideId "36083534"]
[EventDate "2025.02.15"]

1. e4 e5 2. Nf3 Nc6 3. Bb5 a6 4. Ba4 Nf6 5. O-O Bc5 6. c3 Ba7 7. d4 b5 8. Bb3 d6
9. Be3 O-O 10. Nbd2 Bg4 11. Qb1 Bh5 12. a3 Re8 13. Re1 h6 14. Bc2 Ng4 15. h3
Nxe3 16. fxe3 Ne7 17. b4 c5 18. Kh1 cxd4 19. cxd4 exd4 20. exd4 Nc6 21. Qb2 Qb6
22. g4 Bg6 23. Nb3 Rac8 24. Re2 Re7 25. Rae1 Rec7 26. Bb1 Nd8 27. e5 Rc3 28.
Nbd2 Bxb1 29. exd6 Bg6 30. d7 R8c6 31. d5 Rc2 32. Qd4 Rf6 33. g5 Rf5 34. Re8+
Kh7 35. Qh4 h5 36. Rf8 Rxd5 37. Ne4 Rc4 38. Nf6+ gxf6 39. Qg3 Ne6 40. Re8 Qf2
41. Qxf2 Bxf2 42. R1xe6 Rxd7 0-1

[Event "Djerba Masters 2025"]
[Site "Djerba TUN"]
[Date "2025.02.18"]
[Round "5.1"]
[White "Maurizzi, Marc'Andria"]
[Black "Navara, David"]
[Result "1/2-1/2"]
[WhiteTitle "GM"]
[BlackTitle "GM"]
[WhiteElo "2581"]
[BlackElo "2677"]
[WhiteFideId "36083534"]
[BlackFideId "309095"]
[EventDate "2025.02.15"]

1. e4 e5 2. Nf3 Nc6 3. Bb5 Nf6 4. O-O Nxe4 5. d4 Nd6 6. Ba4 exd4 7. c3 Be7 8.
cxd4 b5 9. Bb3 O-O 10. Re1 Bb7 11. Nc3 Na5 12. Bc2 b4 13. Na4 Bxf3 14. Qxf3 g6
15. Bh6 Re8 16. Nc5 Nc6 17. Rad1 Bf8 18. Rxe8 Qxe8 19. Bxf8 Kxf8 20. Ba4 Rd8 21.
d5 Ne5 22. Qf4 Qe7 23. Ne6+ dxe6 24. Qxe5 f6 25. Qxe6 c5 26. Re1 Qxe6 27. Rxe6
f5 28. Kf1 Nc4 29. Bb5 Nxb2 30. d6 Kf7 31. Re7+ Kf6 32. Rc7 Rxd6 33. Rxc5 a5 34.
Ke2 a4 35. Rc1 a3 36. f4 g5 37. fxg5+ Kxg5 38. g3 Kg4 39. Rc7 Rh6 40. Rg7+ Kh3
41. Bd7 b3 42. Bxf5+ Kxh2 43. Ra7 Kxg3 44. Rxa3 Rh2+ 45. Kf1 Kf4 46. Kg1 Rd2 47.
Bxh7 bxa2 48. Rxa2 Nc4 49. Rxd2 Nxd2 50. Be4 Ke5 1/2-1/2

[Event "Djerba Masters 2025"]
[Site "Djerba TUN"]
[Date "2025.02.18"]
[Round "5.2"]
[White "Bacrot, Etienne"]
[Black "Moussard, Jules"]
[Result "1/2-1/2"]
[WhiteTitle "GM"]
[BlackTitle "GM"]
[WhiteElo "2640"]
[BlackElo "2595"]
[WhiteFideId "605506"]
[BlackFideId "642908"]
[EventDate "2025.02.15"]

1. d4 Nf6 2. c4 e6 3. Nc3 d5 4. cxd5 exd5 5. Bg5 c6 6. e3 h6 7. Bh4 Be7 8. Bd3
O-O 9. Bg3 Re8 10. Nf3 Bg4 11. h3 Bxf3 12. Qxf3 Nbd7 13. O-O Nf8 14. Be5 N6d7
15. Bh2 Nf6 16. Be5 N6d7 17. Bh2 Nf6 1/2-1/2

[Event "Djerba Masters 2025"]
[Site "Djerba TUN"]
[Date "2025.02.18"]
[Round "5.5"]
[White "Murzin, Volodar"]
[Black "Oro, Faustino"]
[Result "1-0"]
[WhiteTitle "GM"]
[BlackTitle "IM"]
[WhiteElo "2657"]
[BlackElo "2447"]
[WhiteFideId "44155573"]
[BlackFideId "20000197"]
[EventDate "2025.02.15"]

1. d4 Nf6 2. Nf3 d5 3. c4 e6 4. g3 Be7 5. Bg2 O-O 6. O-O dxc4 7. Qc2 a6 8. a4
Bd7 9. Qxc4 Bc6 10. Bg5 Nbd7 11. Rc1 a5 12. e3 h6 13. Bxf6 Nxf6 14. Nbd2 Bb4 15.
Qe2 Qe7 16. Rxc6 Bxd2 17. Qxd2 bxc6 18. Ne5 Nd5 19. Nxc6 Qd6 20. Rc1 Ra6 21.
Nxa5 Rb8 22. Rc5 Qb6 23. b3 Qb4 24. Qxb4 Nxb4 25. Bf1 Raa8 26. Be2 Kf8 27. Kf1
Na6 28. Rc1 Nb4 29. Nc4 Na2 30. Ra1 Nc3 31. Bf3 Ra7 32. Nd2 Ke7 33. Rc1 Na2 34.
Rc5 Nb4 35. Ke2 Kd7 36. h4 f6 37. h5 c6 38. g4 Rc7 39. Be4 Nd5 40. Rc1 Kd6 41.
Bd3 Ke7 42. Be4 Kd6 43. Bf3 Ke7 44. Bxd5 exd5 45. Kf3 Ke6 46. Kf4 Rf8 47. Nf3
Rb8 48. Rc3 Rb4 49. Ne1 Rb8 50. Nd3 Rcc8 51. Nc5+ Kf7 52. Kf5 Re8 53. Rc1 Rb4
54. a5 Ra8 55. a6 Ra7 56. Kf4 Rb5 57. Nb7 Rb6 58. Nd6+ Ke6 59. Nc8 Raxa6 60.
Nxb6 Rxb6 61. b4 Ra6 62. Rc2 Rb6 63. Rc5 Kd6 64. Kf5 Rxb4 65. Rc2 Rb1 66. Kg6
Rg1 67. f3 Rg3 68. Kxg7 f5 69. Kxh6 fxg4 70. f4 Rxe3 71. f5 Rh3 72. Kg6 g3 73.
Rg2 Ke7 74. f6+ 1-0

[Event "Djerba Masters 2025"]
[Site "Djerba TUN"]
[Date "2025.02.20"]
[Round "6.1"]
[White "Navara, David"]
[Black "Oro, Faustino"]
[Result "1/2-1/2"]
[WhiteTitle "GM"]
[BlackTitle "IM"]
[WhiteElo "2677"]
[BlackElo "2447"]
[WhiteFideId "309095"]
[BlackFideId "20000197"]
[EventDate "2025.02.15"]

1. e4 e5 2. Nf3 Nc6 3. d4 exd4 4. Nxd4 Bc5 5. Nb3 Bb6 6. Nc3 Qf6 7. Qe2 Nge7 8.
Be3 d6 9. O-O-O Bd7 10. Kb1 O-O-O 11. f4 Qg6 12. Bxb6 axb6 13. Qf2 f5 14. Bd3
Nb4 15. exf5 Nxd3 16. Rxd3 Qxf5 17. Nd4 Qf7 18. Ndb5 Qc4 19. Re1 Ng6 20. Rd4 Qc5
21. b4 Qf5 22. g4 Qf7 23. f5 Bxb5 24. Nxb5 Ne5 25. Qg3 Rhe8 26. Qc3 Nc6 27. Rdd1
Rxe1 28. Rxe1 Qd5 29. a4 Qf7 30. h3 Kb8 31. Nd4 Ne5 32. Nf3 Nxf3 33. Qxf3 Rf8
34. Re4 Ka7 35. Qe3 g6 36. a5 gxf5 37. Rf4 Re8 38. axb6+ cxb6 39. Qf2 Qg7 40.
Qd4 Qxd4 41. Rxd4 fxg4 1/2-1/2